• 首页
  • 本馆介绍
  • 公告通知
  • 最新文献
  • 馆藏检索
  • 电子资源
  • 读者导购
  • 参考咨询
  • 我的图书馆
  • 登录
  • 详细信息显示
  • 放入我的书架
  • 预约/预借图书
  • 作者相关作品
  • 分类相关作品
  • 丛书相关作品
  • 出版社相关作品

书目信息

  • 表格格式
  • 工作单格式
  • 卡片格式
题名:
参阅案例研究
    
 
作者: 公丕祥 总主编 ;胡道才 , 吴建斌 主编
分册: 第一辑   商事卷
出版信息: 北京   中国法制出版社  2009
页数: 346页
开本: 23cm
丛书名:
单 册:
中图分类: D920.5 , D923.995
科图分类:
主题词: 案例--分析--中国 , 商法--案例--分析--中国 , 案例 , 商法
电子资源:
ISBN: 978-7-5093-0860-8
000 01081nam0 2200313 450
001 100428559325
005 20110224090426.56
010    @a978-7-5093-0860-8@dCNY50.00
035    @a004095757
100    @a20090319d2009 em y0chiy0110 ea
101 0  @achi
102    @aCN@b110000
105    @ay z 000yy
106    @ar
200 1  @a参阅案例研究@9can yue an li yan jiu@i商事卷@h第一辑@f公丕祥总主编@g胡道才,吴建斌主编
210    @a北京@c中国法制出版社@d2009
215    @a346页@d23cm
330    @a本书收录了20个案例,每个案例分要点提示、案例索引、基本案情、法院审判、裁判要旨、法理评析、法条指引等七个部分进行编写,所选案例诠释的法律问题在所涉法学领域具有较高的研究价值。
606 0  @a案例@x分析@y中国
606 0  @a商法@x案例@x分析@y中国
606 0  @a案例
606 0  @a商法
690    @aD920.5@v4
690    @aD923.995@v4
701  0 @a公丕祥@9gong pi xiang@f(1955~)@4总主编
702  0 @a胡道才@9hu dao cai@c(法律)@4主编
702  0 @a吴建斌@9wu jian bin@f(1956.2~)@4主编
801  0 @aCN@bNLC@c20110224
905    @b205991854-863@h599185-86@dD920.5@e931:1@f2
    
    参阅案例研究.商事卷.第一辑/公丕祥总主编/胡道才,吴建斌主编.-北京:中国法制出版社,2009
    346页;23cm
    
    
    ISBN 978-7-5093-0860-8:CNY50.00
    本书收录了20个案例,每个案例分要点提示、案例索引、基本案情、法院审判、裁判要旨、法理评析、法条指引等七个部分进行编写,所选案例诠释的法律问题在所涉法学领域具有较高的研究价值。
●
相关链接 在E读中查询图书 在五车中查询图书 在当当中查询图书 在豆瓣中查询图书


正题名:参阅案例研究     索取号:D920.5/931:1         预约/预借

序号 登录号 条形码 馆藏地/架位号 状态 备注
1 599185   205991854   第一样本阅览室/ [索取号:D920.5/931:1] 在馆    
2 599186   205991863   第一借阅区/ [索取号:D920.5/931:1] 在馆    
唐山师范学院图书馆 欢迎您!
大连网信软件有限公司© 版权所有